000 01994cam a2200145 4500500
005 20251214013115.0
041 _afre
042 _adc
100 1 0 _aBrisswalter, Jeanick
_eauthor
700 1 0 _aHausswirth, Christophe
_eauthor
245 0 0 _aÉnergie et performance physique et sportive : Efficience énergétique et performance motrice
260 _bArmand Colin,
_c2003.
520 _aL'homme est une véritable machine thermodynamique, le lieu d'échange de multiples formes d'énergie : métabolique, électrique, mécanique. De la qualité de ces transferts énergétiques dépend la performance. Les entraîneurs, ergonomes et enseignants d'éducation physique et sportive se sont donc intéressés à la capacité de développer et/ou de gérer efficacement ces différentes formes d'énergie. Parallèlement, les aspects énergétiques de la production du mouvement, notamment dans les activités de locomotion humaine, sont objet d'étude dans les champs de la physiologie et de la biomécanique. En psychologie également, de plus en plus, il est fait directement référence à l'énergie, dans ses relations avec la performance cognitive ou comme facteur/résultat de l'apprentissage. Le présent ouvrage dresse un clair état de la question dans ses diverses dimensions et présente les résultats des recherches les plus récentes. Il répond ainsi aux besoins spécifiques des étudiants en STAPS et en ergonomie, des entraîneurs sportifs et tous ceux qui ont à établir les conditions de performances physiques et sportives énergétiquement optimales. Jeanick Brisswalter, professeur des Universités, enseigne à l'Université de Toulon-Var où il anime l'équipe «  Performance et Adaptations Biologiques à l'Exercice  » du Laboratoire «  Ergonomie Sportive et Performance  » dirigé par le Professeur Guy Falgairette.
856 4 1 _uhttps://shs.cairn.info/energie-et-performance-physique-et-sportive--9782200262822?lang=fr&redirect-ssocas=7080
999 _c1569825
_d1569825